000 00642cam a2200193 4500
001 ABS61145
008 000000n1999 000 0 eng u
035 _a(Sirsi) u101710
100 _aMacneil, J.
245 _aPublic sector special.
260 _c1999
490 _aProperty Week
_v64(32) 20 August 1999, 26-32(6)
520 _aA feature on the public sector, including articles on the Urban Task Force and the need for financial incentives to encourage the urban renaissance, and PFI.
650 _aPFI
650 _aURBAN TASK FORCE
650 _aPRIVATE FINANCE INITIATIVE
690 _aPROPERTY LAW AND PRACTICE
942 _n0
999 _c60835
_d60835